书目信息 |
| 题名: |
资源科学导论
|
|
| 作者: | 封志明 编著 | |
| 分册: | ||
| 出版信息: | 北京 科学出版社 2004 |
|
| 页数: | 451页 | |
| 开本: | 21cm | |
| 丛书名: | 中国科学院研究生教学丛书 | |
| 单 册: | ||
| 中图分类: | P96 | |
| 科图分类: | ||
| 主题词: | 资源科学--研究生--教材 , 资源科学 | |
| 电子资源: | ||
| ISBN: | 7-03-011884-7 | |
| 000 | 00940nam0 2200277 450 | |
| 000 | 00946nam0 2200277 450 | |
| 000 | 00880nam0 2200253 450 | |
| 000 | 00843nam0 2200241 45 | |
| 005 | 20070529090525.64 | |
| 010 | @a7-03-011884-7@dCNY42.00 | |
| 100 | @a20070418d2004 em y0chiy0120 ea | |
| 101 | 0 | @achi |
| 102 | @aCN@b110000 | |
| 105 | @ay z 000yy | |
| 200 | 1 | @a资源科学导论@AZi Yuan Ke Xue Dao Lun@f封志明编著@FFeng Zhi Ming Bian Zhu |
| 210 | @a北京@c科学出版社@d2004 | |
| 215 | @a451页@d21cm | |
| 225 | 2 | @a中国科学院研究生教学丛书 |
| 330 | @a本书从资源科学研究的源起与发展出发,系统地论述了资源科学的学科与研究内容、科学思想与基本概念,并分门别类地讨论自然资源的开发利用及其评价问题等。 | |
| 410 | 0 | @12001 @a中国科学院研究生教学丛书 |
| 606 | 0 | @a资源科学@x研究生@j教材 |
| 606 | 0 | @a资源科学 |
| 690 | @aP96@v4 | |
| 701 | 0 | @a封志明@AFeng Zhi Ming@4编著 |
| 801 | 0 | @aCN@bTAOJIN@c20070529 |
| 905 | @a10447@dP96@e106 | |
| 资源科学导论/封志明编著.-北京:科学出版社,2004 |
| 451页;21cm.-(中国科学院研究生教学丛书) |
| ISBN 7-03-011884-7:CNY42.00 |
| 本书从资源科学研究的源起与发展出发,系统地论述了资源科学的学科与研究内容、科学思想与基本概念,并分门别类地讨论自然资源的开发利用及其评价问题等。 |
| ● |
| 相关链接 |
|
|
|
|
正题名:资源科学导论
索取号:P96/106
 
预约/预借
| 序号 | 登录号 | 条形码 | 馆藏地/架位号 | 状态 | 备注 |
| 1 | 0522917 | 205229171 | 第二样本阅览室/ [索取号:P96/106] | 在馆 | |
| 2 | 0522918 | 205229180 | 第三借阅区/ [索取号:P96/106] | 在馆 |